<?xml version="1.0" encoding="UTF-8"?><?xml-stylesheet type="text/xsl" href="static/style.xsl"?><OAI-PMH xmlns="http://www.openarchives.org/OAI/2.0/" xmlns:xsi="http://www.w3.org/2001/XMLSchema-instance" xsi:schemaLocation="http://www.openarchives.org/OAI/2.0/ http://www.openarchives.org/OAI/2.0/OAI-PMH.xsd"><responseDate>2026-04-18T07:00:48Z</responseDate><request verb="GetRecord" identifier="oai:www.recercat.cat:11351/12164" metadataPrefix="marc">https://recercat.cat/oai/request</request><GetRecord><record><header><identifier>oai:recercat.cat:11351/12164</identifier><datestamp>2025-05-03T13:19:21Z</datestamp><setSpec>com_2072_378070</setSpec><setSpec>com_2072_378040</setSpec><setSpec>com_2072_378071</setSpec><setSpec>col_2072_378092</setSpec><setSpec>col_2072_378097</setSpec></header><metadata><record xmlns="http://www.loc.gov/MARC21/slim" xmlns:dcterms="http://purl.org/dc/terms/" xmlns:xsi="http://www.w3.org/2001/XMLSchema-instance" xmlns:doc="http://www.lyncode.com/xoai" xsi:schemaLocation="http://www.loc.gov/MARC21/slim http://www.loc.gov/standards/marcxml/schema/MARC21slim.xsd">
   <leader>00925njm 22002777a 4500</leader>
   <datafield ind2=" " ind1=" " tag="042">
      <subfield code="a">dc</subfield>
   </datafield>
   <datafield ind2=" " ind1=" " tag="720">
      <subfield code="a">González de Aledo Castillo, José Manuel</subfield>
      <subfield code="e">author</subfield>
   </datafield>
   <datafield ind2=" " ind1=" " tag="720">
      <subfield code="a">Argudo-Ramírez, Ana</subfield>
      <subfield code="e">author</subfield>
   </datafield>
   <datafield ind2=" " ind1=" " tag="720">
      <subfield code="a">Beneitez Pastor, David</subfield>
      <subfield code="e">author</subfield>
   </datafield>
   <datafield ind2=" " ind1=" " tag="720">
      <subfield code="a">Collado Gimbert, Anna</subfield>
      <subfield code="e">author</subfield>
   </datafield>
   <datafield ind2=" " ind1=" " tag="720">
      <subfield code="a">Vicente-Almazán Castro, Lola</subfield>
      <subfield code="e">author</subfield>
   </datafield>
   <datafield ind2=" " ind1=" " tag="720">
      <subfield code="a">Roig-Bosch,  Silvia</subfield>
      <subfield code="e">author</subfield>
   </datafield>
   <datafield ind2=" " ind1=" " tag="720">
      <subfield code="a">Andrés-Masó, Anna</subfield>
      <subfield code="e">author</subfield>
   </datafield>
   <datafield ind2=" " ind1=" " tag="720">
      <subfield code="a">Ruiz-Llobet, Anna</subfield>
      <subfield code="e">author</subfield>
   </datafield>
   <datafield ind2=" " ind1=" " tag="720">
      <subfield code="a">Pedrals-Portabella , Georgina</subfield>
      <subfield code="e">author</subfield>
   </datafield>
   <datafield ind2=" " ind1=" " tag="720">
      <subfield code="a">Medina-Santamaria, David</subfield>
      <subfield code="e">author</subfield>
   </datafield>
   <datafield ind2=" " ind1=" " tag="720">
      <subfield code="a">Nadal-Rey, Gemma</subfield>
      <subfield code="e">author</subfield>
   </datafield>
   <datafield ind2=" " ind1=" " tag="720">
      <subfield code="a">Espigares-Salvia, Marina</subfield>
      <subfield code="e">author</subfield>
   </datafield>
   <datafield ind2=" " ind1=" " tag="720">
      <subfield code="a">Coll-Sibina, María Terea</subfield>
      <subfield code="e">author</subfield>
   </datafield>
   <datafield ind2=" " ind1=" " tag="720">
      <subfield code="a">Algar Serrano, Marcelina</subfield>
      <subfield code="e">author</subfield>
   </datafield>
   <datafield ind2=" " ind1=" " tag="720">
      <subfield code="a">Torrent-Español, Montserrat</subfield>
      <subfield code="e">author</subfield>
   </datafield>
   <datafield ind2=" " ind1=" " tag="720">
      <subfield code="a">Leoz Allegretti, María del Pilar</subfield>
      <subfield code="e">author</subfield>
   </datafield>
   <datafield ind2=" " ind1=" " tag="720">
      <subfield code="a">Rodríguez-Pebé, Anabel</subfield>
      <subfield code="e">author</subfield>
   </datafield>
   <datafield ind2=" " ind1=" " tag="720">
      <subfield code="a">García-Bernal, Marta</subfield>
      <subfield code="e">author</subfield>
   </datafield>
   <datafield ind2=" " ind1=" " tag="720">
      <subfield code="a">Solà-Segura, Elisabet</subfield>
      <subfield code="e">author</subfield>
   </datafield>
   <datafield ind2=" " ind1=" " tag="720">
      <subfield code="a">García-Gallego, Amparo</subfield>
      <subfield code="e">author</subfield>
   </datafield>
   <datafield ind2=" " ind1=" " tag="720">
      <subfield code="a">Prats-Viedma,Blanca</subfield>
      <subfield code="e">author</subfield>
   </datafield>
   <datafield ind2=" " ind1=" " tag="720">
      <subfield code="a">Lopez Galera, Rosa Maria</subfield>
      <subfield code="e">author</subfield>
   </datafield>
   <datafield ind2=" " ind1=" " tag="720">
      <subfield code="a">Paredes-Fuentes, Abraham Jose</subfield>
      <subfield code="e">author</subfield>
   </datafield>
   <datafield ind2=" " ind1=" " tag="720">
      <subfield code="a">Pajares-García, Sonia</subfield>
      <subfield code="e">author</subfield>
   </datafield>
   <datafield ind2=" " ind1=" " tag="720">
      <subfield code="a">Delgado-López, Giovanna</subfield>
      <subfield code="e">author</subfield>
   </datafield>
   <datafield ind2=" " ind1=" " tag="720">
      <subfield code="a">Blanco Álvarez, Adoracion</subfield>
      <subfield code="e">author</subfield>
   </datafield>
   <datafield ind2=" " ind1=" " tag="720">
      <subfield code="a">Tazon-Vega, Barbara</subfield>
      <subfield code="e">author</subfield>
   </datafield>
   <datafield ind2=" " ind1=" " tag="720">
      <subfield code="a">Diaz de Heredia, Cristina</subfield>
      <subfield code="e">author</subfield>
   </datafield>
   <datafield ind2=" " ind1=" " tag="720">
      <subfield code="a">Mañú Pereira, María del Mar</subfield>
      <subfield code="e">author</subfield>
   </datafield>
   <datafield ind2=" " ind1=" " tag="720">
      <subfield code="a">Marin Soria, José Luis</subfield>
      <subfield code="e">author</subfield>
   </datafield>
   <datafield ind2=" " ind1=" " tag="720">
      <subfield code="a">Garcia-Villoria, Judit</subfield>
      <subfield code="e">author</subfield>
   </datafield>
   <datafield ind2=" " ind1=" " tag="720">
      <subfield code="a">Velasco Puyó, Pablo</subfield>
      <subfield code="e">author</subfield>
   </datafield>
   <datafield ind2=" " ind1=" " tag="260">
      <subfield code="c">2024-10-31T10:37:09Z</subfield>
   </datafield>
   <datafield ind2=" " ind1=" " tag="260">
      <subfield code="c">2024-10-31T10:37:09Z</subfield>
   </datafield>
   <datafield ind2=" " ind1=" " tag="260">
      <subfield code="c">2024-10-03</subfield>
   </datafield>
   <datafield ind2=" " ind1=" " tag="520">
      <subfield code="a">Hemoglobinopathies; Newborn screening; Sickle cell disease</subfield>
   </datafield>
   <datafield ind2=" " ind1=" " tag="520">
      <subfield code="a">Hemoglobinopatías; Cribado neonatal; Drepanocitosis</subfield>
   </datafield>
   <datafield ind2=" " ind1=" " tag="520">
      <subfield code="a">Hemoglobinopaties; Cribratge neonatal; Drepanocitosi</subfield>
   </datafield>
   <datafield ind2=" " ind1=" " tag="520">
      <subfield code="a">Abstract&#xd;
In 2015, Catalonia introduced sickle cell disease (SCD) screening in its newborn screening (NBS) program along with standard-of-care treatments like penicillin, hydroxyurea, and anti-pneumococcal vaccination. Few studies have assessed the clinical impact of introducing NBS programs on SCD patients. We analyzed the incidence of SCD and related hemoglobinopathies in Catalonia and the change in clinical events occurring after introducing NBS. Screening 506,996 newborns from 2015 to 2022, we conducted a retrospective multicenter study including 100 screened (SG) and 95 unscreened (UG) SCD patients and analyzed SCD-related clinical events over the first six years of life. We diagnosed 160 cases of SCD, with an incidence of 1 in 3169 newborns. The SG had a significantly lower median age at diagnosis (0.1 y vs. 1.68 y, p &lt; 0.0001), and initiated penicillin prophylaxis (0.12 y vs. 1.86 y, p &lt; 0.0001) and hydroxyurea treatment earlier (1.42 y vs. 4.5 y, p &lt; 0.0001). The SG experienced fewer median SCD-related clinical events (vaso-occlusive crisis, acute chest syndrome, infections of probable bacterial origin, acute anemia requiring transfusion, acute splenic sequestration, and pathological transcranial Doppler echography) per year of follow-up (0.19 vs. 0.77, p &lt; 0.0001), a reduced number of annual emergency department visits (0.37 vs. 0.76, p &lt; 0.0001), and fewer hospitalizations (0.33 vs. 0.72, p &lt; 0.0001). SCD screening in Catalonia’s NBS program has effectively reduced morbidity and improved affected children’s quality of life.</subfield>
   </datafield>
   <datafield ind2=" " ind1=" " tag="520">
      <subfield code="a">L'any 2015, Catalunya va introduir el cribratge de la malaltia de cèl·lules falciformes (SCD) al seu programa de cribratge de nounats (NBS) juntament amb tractaments d'atenció estàndard com la penicil·lina, la hidroxiurea i la vacunació antipneumocòcica. Pocs estudis han avaluat l'impacte clínic de la introducció de programes NBS en pacients amb MSC. S'ha analitzat la incidència de la MSC i les hemoglobinopaties relacionades a Catalunya i el canvi en els esdeveniments clínics que es produeixen després de la introducció de l'ENB. Vam examinar 506.996 nadons del 2015 al 2022, vam realitzar un estudi multicèntric retrospectiu que incloïa 100 pacients amb SCD examinats (SG) i 95 sense cribratge (UG) i vam analitzar els esdeveniments clínics relacionats amb SCD durant els primers sis anys de vida. Es van diagnosticar 160 casos de MSC, amb una incidència d'1 de cada 3.169 nounats. El SG tenia una edat mitjana significativament més baixa en el moment del diagnòstic (0,1 anys vs. 1,68 anys, p &lt;0,0001) i va iniciar la profilaxi amb penicil·lina (0,12 anys vs. 1,86 anys, p &lt;0,0001) i el tractament amb hidroxiurea abans (1,42 anys vs. 4,5 anys). , p &lt;0,0001). El SG va experimentar menys esdeveniments clínics mitjans relacionats amb SCD (crisi vaso-oclusiva, síndrome toràcica aguda, infeccions d'origen bacterià probable, anèmia aguda que va requerir transfusió, segrest esplènic agut i ecografia Doppler transcranial patològica) per any de seguiment (0,19 vs. 0,77, p &lt;0,0001), un nombre reduït de visites anuals al servei d'urgències (0,37 vs. 0,76, p &lt;0,0001) i menys hospitalitzacions (0,33 vs. 0,72, p &lt;0,0001). El cribratge de SCD al programa NBS de Catalunya ha reduït de manera efectiva la morbiditat i ha millorat la qualitat de vida dels nens afectats.</subfield>
   </datafield>
   <datafield tag="653" ind2=" " ind1=" ">
      <subfield code="a">Hemoglobinopatia</subfield>
   </datafield>
   <datafield tag="653" ind2=" " ind1=" ">
      <subfield code="a">Cribatge</subfield>
   </datafield>
   <datafield tag="653" ind2=" " ind1=" ">
      <subfield code="a">Anèmia</subfield>
   </datafield>
   <datafield tag="653" ind2=" " ind1=" ">
      <subfield code="a">DISEASES::Hemic and Lymphatic Diseases::Hematologic Diseases::Anemia::Anemia, Hemolytic::Anemia, Hemolytic, Congenital::Anemia, Sickle Cell</subfield>
   </datafield>
   <datafield tag="653" ind2=" " ind1=" ">
      <subfield code="a">DISEASES::Hemic and Lymphatic Diseases::Hematologic Diseases::Hemoglobinopathies</subfield>
   </datafield>
   <datafield tag="653" ind2=" " ind1=" ">
      <subfield code="a">ANALYTICAL, DIAGNOSTIC AND THERAPEUTIC TECHNIQUES, AND EQUIPMENT::Diagnosis::Diagnostic Techniques and Procedures::Clinical Laboratory Techniques::Neonatal Screening</subfield>
   </datafield>
   <datafield tag="653" ind2=" " ind1=" ">
      <subfield code="a">ENFERMEDADES::enfermedades hematológicas y linfáticas::enfermedades hematológicas::anemia::anemia hemolítica::anemia hemolítica congénita::anemia de células falciformes</subfield>
   </datafield>
   <datafield tag="653" ind2=" " ind1=" ">
      <subfield code="a">ENFERMEDADES::enfermedades hematológicas y linfáticas::enfermedades hematológicas::hemoglobinopatías</subfield>
   </datafield>
   <datafield tag="653" ind2=" " ind1=" ">
      <subfield code="a">TÉCNICAS Y EQUIPOS ANALÍTICOS, DIAGNÓSTICOS Y TERAPÉUTICOS::diagnóstico::técnicas y procedimientos diagnósticos::técnicas de laboratorio clínico::cribado neonatal</subfield>
   </datafield>
   <datafield ind2="0" ind1="0" tag="245">
      <subfield code="a">Newborn Screening for Sickle Cell Disease in Catalonia between 2015 and 2022-Epidemiology and Impact on Clinical Events</subfield>
   </datafield>
</record></metadata></record></GetRecord></OAI-PMH>